Historia de la cultura escrita : (Record no. 103692)

MARC details
000 -CABECERA
campo de control de longitud fija 00736nam a2200205 a 4500
005 - FECHA Y HORA DE LA ÚLTIMA TRANSACCIÓN
campo de control 20251017063907.0
008 - ELEMENTOS DE LONGITUD FIJA--INFORMACIÓN GENERAL
campo de control de longitud fija 040126s2001 mx r 000 0 spa d
020 ## - NÚMERO INTERNACIONAL NORMALIZADO PARA LIBROS
Número Internacional Estándar del Libro 8497040082
035 ## - NÚMERO DE CONTROL DEL SISTEMA
Número de control de sistema UPN01000131537
049 ## - COLECCIÓN
Colección CG
050 #4 - SIGNATURA TOPOGRÁFICA DE LA BIBLIOTECA DEL CONGRESO
Número de clasificación Z1003
Número de documento/Ítem H5.7
245 00 - MENCIÓN DE TÍTULO
Título Historia de la cultura escrita :
Resto del título del Próximo Oriente antiguo a la sociedad informatizada /
Mención de responsabilidad, etc. coord. Antonio Castillo Gómez ; tr. Juan Luis Calbarro.
260 ## - PUBLICACIÓN, DISTRIBUCIÓN, ETC.
Lugar de publicación, distribución, etc. Asturias, Esp. :
Nombre del editor, distribuidor, etc. Trea,
Fecha de publicación, distribución, etc. 2001.
300 ## - DESCRIPCIÓN FÍSICA
Extensión 460 p. :
Otras características físicas il.
440 #0 - MENCIÓN DE SERIE/ASIENTO SECUNDARIO--TÍTULO
Título Biblioteconomía y administración cultural ;
Designación de volumen o secuencia 58
650 #4 - ASIENTO SECUNDARIO DE MATERIA - TERMINO TEMATICO
Término de materia o nombre geográfico como elemento de entrada Libros y lectura
Subdivisión general Historia
9 (RLIN) 27114
650 #4 - ASIENTO SECUNDARIO DE MATERIA - TERMINO TEMATICO
Término de materia o nombre geográfico como elemento de entrada ESCRITURA -
Subdivisión general HISTORIA
9 (RLIN) 20466
700 1# - ASIENTO SECUNDARIO--NOMBRE DE PERSONAL
Nombre de persona Castillo Gómez, Antonio,
Fechas asociadas al nombre 1963-
Término indicativo de función/relación coord.
9 (RLIN) 42065
905 ## - TIPO DE MATERIAL
Tipo de material Libro
Holdings
Estado de retiro Estado de pérdida Fuente del sistema de clasificación o colocación Estado dañado No para préstamo Código de colección Localización permanente Ubicación/localización actual Ubicación en estantería Fecha de adquisición Total de préstamos Renovaciones totales Clasificación Código de barras Fecha visto por última vez Fecha del último préstamo Número de copia Tipo de ítem Koha
    Library of Congress Classification     Colección General Bib. Gregorio Torres Quintero Bib. Gregorio Torres Quintero Planta baja 06/05/2024 4 1 Z1003 H5.7 222200 07/06/2024 06/05/2024 1 Libro
    Library of Congress Classification     Colección General Bib. Gregorio Torres Quintero Bib. Gregorio Torres Quintero Planta baja   3   Z1003 H5.7 290440 31/12/2020   1 Libro
    Library of Congress Classification     Colección General Bib. Gregorio Torres Quintero Bib. Gregorio Torres Quintero Planta baja 19/06/2024 5 1 Z1003 H5.7 290441 09/08/2024 19/06/2024 1 Libro